000
00379nam a2200133Ia 4500
008
100328s9999 xx 000 0 und d
082
_b
67944
100
_a
मेंगजी अशोक.
245
_a
भोगमुक्ती.
260
_b
लिलादत्त.
630
_a
भोगमुक्ती.
730
_a
भोगमुक्ती.
942
_c
BOOK
999
_c
553683
_d
553680